| 000 | 01645nam a22002657a 4500 | ||
|---|---|---|---|
| 003 | DO-SdBNP | ||
| 005 | 20240305092413.0 | ||
| 007 | ta | ||
| 008 | 210622b 2018 dr a 00| 0 eng d | ||
| 020 | _a9789945893458 | ||
| 040 |
_aDO-SdBNP _bspa _cBNPHU |
||
| 082 | 4 |
_aRD861.44 _bR789p _222 |
|
| 100 | 1 |
_aRosario, Bergson _91182 |
|
| 245 | 1 | 3 |
_aLa poesía según Salomón : _bun análisis al cantar de los cantares / _cBergson Rosario. |
| 260 |
_aSanto Domingo : _bCiliya, _c2018. |
||
| 300 |
_a126 p. : _bil. ; _c19 cm. |
||
| 500 | _aIncluye datos biográficos del autor en la solapa de la cubierta | ||
| 504 | _aBibliografía : p. 125-126 | ||
| 505 | 0 | _aPresentación -- Nota editorial -- Introducción -- Antecedentes - Salomón, producto del erotismo -- Salomón: hijo, rey y poeta -- Salomón el poeta del amor y la sensualidad, -- El universo de la poética de Salomón -- Cantar de Salomón, los Cantar, Cantar de los cantares -- Características del Cántar de los cantares -- Estructura poemática del Cantar de los cantares -- Los personajes en el Cantar de los cantares -- Versificación de los Cantares -- El título y el prólogo -- El primer poema -- El segundo poema -- El tercer poema -- El cuarto poema -- El cuarto poema -- El quinto poema -- El coro -- El coro en la poesía coral y en el teatro antiguo griego -- Ell coro en el Cantar de los cantares -- El dúo -- El poeta -- El epílogo -- Apéndices -- Últimas adiciones -- Conclusión. | |
| 590 | _aInventariado, 2021 /LP | ||
| 650 | 4 | _aPoesía dominicana | |
| 650 | 4 | _aLiteratura dominicana | |
| 910 | _aLP/Validado. Control de calidad MFF | ||
| 942 |
_2ddc _cLBS1 |
||
| 999 |
_c49983 _d49983 |
||